Score 0/31 Timer 04:00
2 Plays Today
Clue Answer % Correct
Bring a plane back to groundLAND
96.2%
Sound from a dogBARK
96.1%
A place where you deposit moneyBANK
95.7%
Pass gasFART
95.6%
Grit at the beachSAND
95.3%
Maggie and Lisa's brotherBART
95.1%
Get up from a chairSTAND
94.8%
Armored military vehicleTANK
94.7%
It's measured by a clockTIME
92.4%
Place to drive in a roadLANE
92.2%
Military buildingFORT
91.6%
Golfer's cryFORE
90.9%
Had a bad odorSTANK
89.8%
An enemyFOE
86.5%
Fee for doing something wrongFINE
85.1%
Part of a forkTINE
84.5%
Clue Answer % Correct
Hair along the spine of the neckMANE
75.8%
A small arachnid pestMITE
74.8%
A narrow adhesive stripTAPE
73.2%
★ A puzzle with dead ends ★★ MAZE ★
71.9%
Part of a braSTRAP
71.6%
What Lil Wayne doesRAPS
70.2%
Golf scoring standardsPARS
67.8%
End-of-day bugle callTAPS
65.8%
Spreadable meat: ___ de fois grasPÂTÉ
63.7%
What cars and watches have a lot ofPARTS
63.4%
Strike with a hand or weaponSMITE
61%
An expression of disgustFIE
58.6%
Malice or ill-willSPITE
49.5%
★ It's __ _____★ A TRAP! ★
47%
A sudden large outburstSPATE
42.3%

Today's Daily Dose

Remove Ads.
Support Sporcle.
Get the best of Sporcle when you Go Orange. This ad-free experience offers more features, more stats, and more fun while also helping to support Sporcle. Thank you for becoming a member.

You're not logged in!

Compare scores with friends on all Sporcle quizzes.
OR
Log In

Show Comments

Extras

Top Quizzes Today


Score Distribution

Your Account Isn't Verified!

In order to create a playlist on Sporcle, you need to verify the email address you used during registration. Go to your Sporcle Settings to finish the process.

Report this User

Report this user for behavior that violates our Community Guidelines.

Details: